[Event "Ceske sachove vanoce 2009"]
[Site "Litomysl (CZE)"]
[Date "2009.12.26"]
[Round "1.1"]
[White "Heberla, Bartolomiej"]
[Black "Kuciel, Wladyslaw"]
[Result "1-0"]
[WhiteElo "2515"]
[BlackElo "2114"]
[PlyCount "63"]
[EventDate "2009.12.26"]

1. e4 c5 2. Nc3 d6 3. f4 Nc6 4. Bb5 Nf6 5. Nf3 e6 6. Bxc6+ bxc6 7. d3 Be7 8.
O-O d5 9. e5 Ng8 10. b3 Nh6 11. Na4 Nf5 12. c4 h5 13. Qe1 Nd4 14. Qf2 Qa5 15.
Ba3 Nxf3+ 16. Qxf3 g6 17. Qf2 d4 18. Qe1 Qa6 19. Bxc5 Bxc5 20. Nxc5 Qa3 21. Ne4
h4 22. Nd6+ Ke7 23. h3 Bd7 24. Qd2 Rab8 25. f5 gxf5 26. Qg5+ Kf8 27. Qf6 Rh7
28. Rf4 Qb2 29. Rxh4 Qxa1+ 30. Kh2 Qf1 31. Nxf7 Rh5 32. Nd6+ 1-0

[Event "Ceske sachove vanoce 2009"]
[Site "Litomysl (CZE)"]
[Date "2009.12.26"]
[Round "1.2"]
[White "Lorenc, Oldrich"]
[Black "Simacek, Pavel"]
[Result "0-1"]
[WhiteElo "2111"]
[BlackElo "2513"]
[PlyCount "66"]
[EventDate "2009.12.26"]

1. Nf3 c5 2. b3 d5 3. Bb2 Nc6 4. d4 cxd4 5. Nxd4 Nf6 6. g3 e6 7. Bg2 Bb4+ 8. c3
Bd6 9. O-O O-O 10. Nd2 e5 11. Nb5 Bc5 12. c4 d4 13. Ne4 Nxe4 14. Bxe4 Bh3 15.
Bg2 Bxg2 16. Kxg2 Qe7 17. a4 a6 18. Na3 Rad8 19. Nc2 e4 20. Rb1 a5 21. Ne1 f5
22. Kg1 f4 23. Ng2 f3 24. exf3 Rxf3 25. Bc1 Rf7 26. Bf4 e3 27. Qg4 e2 28. Rfe1
d3 29. Rb2 Ne5 30. Qh5 g6 31. Qxe5 Qxe5 32. Bxe5 Bxf2+ 33. Kh1 Bxe1 0-1

[Event "Ceske sachove vanoce 2009"]
[Site "Litomysl (CZE)"]
[Date "2009.12.26"]
[Round "1.3"]
[White "Tazbir, Marcin"]
[Black "Kastner, Oldrich"]
[Result "1-0"]
[WhiteElo "2497"]
[BlackElo "2102"]
[PlyCount "77"]
[EventDate "2009.12.26"]

1. e4 e6 2. d3 d5 3. Qe2 dxe4 4. dxe4 e5 5. Nf3 Nc6 6. c3 Nf6 7. g3 Be7 8. Bg2
O-O 9. O-O Re8 10. Nbd2 Bf8 11. b4 a6 12. h3 b6 13. Bb2 Bb7 14. Rfd1 Qe7 15. a4
Rad8 16. Ba3 Qd7 17. b5 axb5 18. Bxf8 Kxf8 19. axb5 Nb8 20. Nxe5 Rxe5 21. Nc4
Qxb5 22. Rxd8+ Re8 23. Rxe8+ Nxe8 24. Qa2 Nd7 25. Rb1 Qc6 26. Qa3+ Nc5 27. Ne3
Qa4 28. Qxa4 Nxa4 29. Rc1 Ke7 30. e5 Bxg2 31. Kxg2 Ke6 32. f4 g5 33. c4 c6 34.
Kf3 Nc7 35. Rd1 Ne8 36. Rd8 Ke7 37. Ra8 Nc5 38. Ra7+ Ke6 39. f5+ 1-0

[Event "Ceske sachove vanoce 2009"]
[Site "Litomysl (CZE)"]
[Date "2009.12.26"]
[Round "1.4"]
[White "Pekar, Vaclav"]
[Black "Petr, Martin"]
[Result "0-1"]
[WhiteElo "2072"]
[BlackElo "2495"]
[PlyCount "58"]
[EventDate "2009.12.26"]

1. Nc3 d5 2. e4 Nf6 3. exd5 Nxd5 4. Bc4 Nxc3 5. bxc3 e6 6. Nf3 Be7 7. O-O O-O
8. Ne5 Nd7 9. f4 c5 10. d4 Nf6 11. Rf3 Bd7 12. Rh3 Bc6 13. Be3 Be4 14. Bd3 cxd4
15. cxd4 Bxd3 16. Qxd3 g6 17. c4 Rc8 18. Rc1 Rc7 19. Bf2 Nd5 20. Qe4 Nxf4 21.
Rb3 b6 22. Ng4 Nh5 23. Qe5 Ng7 24. Rh3 h5 25. Nh6+ Kh7 26. Be3 Bf6 27. Qf4 g5
28. Qf3 Kxh6 29. Qg4 Bxd4 0-1

[Event "Ceske sachove vanoce 2009"]
[Site "Litomysl (CZE)"]
[Date "2009.12.26"]
[Round "1.7"]
[White "Stupak, Kirill"]
[Black "Valickova, Martina"]
[Result "1-0"]
[WhiteElo "2456"]
[BlackElo "2064"]
[PlyCount "65"]
[EventDate "2009.12.26"]

1. d4 Nf6 2. g3 d5 3. Nf3 c6 4. Bg2 Bf5 5. O-O e6 6. c4 dxc4 7. a4 Bb4 8. Nc3
Nbd7 9. Nh4 Bg6 10. Nxg6 hxg6 11. e4 Qa5 12. Na2 Be7 13. Qc2 Qh5 14. h3 Nh7 15.
f4 g5 16. g4 Qh4 17. f5 e5 18. Be3 Bd6 19. Bf2 Qh6 20. Qxc4 exd4 21. Bxd4 Ne5
22. Qc3 f6 23. Rfd1 Bc7 24. Qb3 O-O-O 25. Bxa7 Rxd1+ 26. Rxd1 Nf8 27. Bf2 Nfd7
28. Nc1 Re8 29. Ne2 Qh8 30. Nd4 Bb6 31. Ne6 Bxf2+ 32. Kxf2 Qh4+ 33. Kf1 1-0

[Event "Ceske sachove vanoce 2009"]
[Site "Litomysl (CZE)"]
[Date "2009.12.26"]
[Round "1.8"]
[White "Cizinsky, Petr"]
[Black "Kulhanek, Tomas"]
[Result "0-1"]
[WhiteElo "2062"]
[BlackElo "2441"]
[PlyCount "100"]
[EventDate "2009.12.26"]

1. e4 c5 2. Nf3 Nc6 3. d4 cxd4 4. Nxd4 g6 5. Nxc6 bxc6 6. Qd4 Nf6 7. e5 Nh5 8.
e6 Bg7 9. exf7+ Kxf7 10. Qc4+ d5 11. Qxc6 Bf5 12. Nc3 Nf6 13. Bd3 Rc8 14. Qa6
Qd7 15. O-O Rc6 16. Qa4 Bxd3 17. cxd3 Rb8 18. Re1 Rxc3 19. Qxd7 Nxd7 20. bxc3
Bxc3 21. Ba3 Bxa1 22. Rxa1 Ne5 23. g3 Rb5 24. f4 Nxd3 25. Rd1 Nb4 26. Bxb4 Rxb4
27. Rxd5 Rb1+ 28. Kg2 Rb2+ 29. Kf3 Rxa2 30. Rd7 h5 31. Rc7 a6 32. Rc6 a5 33.
Ra6 a4 34. Ke3 a3 35. Kf3 Ra1 36. Kg2 e6 37. h4 Ra2+ 38. Kf3 Ke7 39. Ke3 Kd7
40. Kf3 Ra1 41. Kg2 Kc7 42. Kh2 Kb7 43. Ra5 Kb6 44. Ra8 Kb5 45. Kg2 Kb4 46.
Rb8+ Kc3 47. Kf3 Rc1 48. Rb7 a2 49. Rc7+ Kd2 50. Rd7+ Ke1 0-1

[Event "Ceske sachove vanoce 2009"]
[Site "Litomysl (CZE)"]
[Date "2009.12.26"]
[Round "1.9"]
[White "Manik, Mikulas"]
[Black "Trojan, Lubos"]
[Result "1-0"]
[WhiteElo "2435"]
[BlackElo "2060"]
[PlyCount "93"]
[EventDate "2009.12.26"]

1. e4 c5 2. Nf3 e6 3. d4 cxd4 4. Nxd4 Nf6 5. Nc3 Nc6 6. Nxc6 dxc6 7. Qxd8+ Kxd8
8. Bf4 Ke8 9. O-O-O Be7 10. f3 Nd7 11. e5 Nb6 12. Ne4 f6 13. c4 Nd7 14. exf6
gxf6 15. Nd6+ Bxd6 16. Bxd6 Nb6 17. f4 h5 18. Be2 Kf7 19. b3 Bd7 20. Bb4 Rag8
21. Bc5 Ke8 22. Bf3 Nc8 23. Rhe1 Rg7 24. Rd2 b6 25. Bf2 c5 26. Bh4 Rf7 27. Red1
Rh6 28. Bb7 Kd8 29. Bc6 Rhh7 30. Bxf6+ Kc7 31. Be4 Rxf6 32. Bxh7 Bc6 33. g3 h4
34. Re1 hxg3 35. hxg3 Rh6 36. Bg8 Bd7 37. Rde2 Kd6 38. g4 Rg6 39. Bxe6 Rxe6 40.
Rxe6+ Bxe6 41. f5 Bf7 42. Kd2 Ne7 43. Ke3 Ke5 44. Kf3+ Kd6 45. Kf4 Nc6 46. g5
Nd4 47. g6 1-0

[Event "Ceske sachove vanoce 2009"]
[Site "Litomysl (CZE)"]
[Date "2009.12.26"]
[Round "1.10"]
[White "Olsar, Zdenek"]
[Black "Bulski, Krzysztof"]
[Result "0-1"]
[WhiteElo "2054"]
[BlackElo "2416"]
[PlyCount "48"]
[EventDate "2009.12.26"]

1. e4 e5 2. Nf3 Nc6 3. Bb5 a6 4. Ba4 Nf6 5. O-O Nxe4 6. d4 b5 7. Bb3 d5 8. dxe5
Be6 9. Nbd2 Be7 10. c3 O-O 11. Bc2 f5 12. exf6 Nxf6 13. Nb3 Bg4 14. Be3 Ne5 15.
Bd4 Nfd7 16. Nbd2 Bd6 17. Re1 Nxf3+ 18. Nxf3 Bxf3 19. gxf3 Qh4 20. Qd3 Qxh2+
21. Kf1 Rae8 22. Rxe8 Rxe8 23. Be3 c6 24. f4 Nf6 0-1

[Event "Ceske sachove vanoce 2009"]
[Site "Litomysl (CZE)"]
[Date "2009.12.26"]
[Round "1.11"]
[White "Plat, Vojtech"]
[Black "Kotva, Milan"]
[Result "1-0"]
[WhiteElo "2388"]
[BlackElo "2051"]
[PlyCount "71"]
[EventDate "2009.12.26"]

1. e4 e5 2. Nf3 Nc6 3. Bb5 a6 4. Ba4 Nf6 5. d4 exd4 6. O-O Be7 7. e5 Ne4 8. Bb3
O-O 9. Nxd4 d5 10. exd6 Bxd6 11. Nxc6 bxc6 12. Qf3 Ng5 13. Qxc6 Rb8 14. Qd5 Ne6
15. Nc3 Rb4 16. g3 Nd4 17. Qg2 Bb7 18. Bd5 c6 19. Bb3 Qf6 20. f3 Re8 21. Ne4
Qg6 22. Bd2 Rxb3 23. cxb3 c5 24. Rfe1 Rd8 25. Nxd6 Qxd6 26. Bc3 g5 27. Bxd4
cxd4 28. Qd2 Qd5 29. Re4 d3 30. Rae1 Qc5+ 31. Qe3 Qf5 32. Re5 Qf6 33. Qxg5+
Qxg5 34. Rxg5+ Kf8 35. Kf2 Rc8 36. Ke3 1-0

[Event "Ceske sachove vanoce 2009"]
[Site "Litomysl (CZE)"]
[Date "2009.12.26"]
[Round "1.12"]
[White "Trhal, Tomas"]
[Black "Biolek, Richard"]
[Result "0-1"]
[WhiteElo "2034"]
[BlackElo "2385"]
[PlyCount "74"]
[EventDate "2009.12.26"]

1. e4 e5 2. Nf3 Nc6 3. Bb5 f5 4. d3 Nf6 5. Nc3 d6 6. O-O Be7 7. exf5 O-O 8. d4
Nxd4 9. Nxd4 exd4 10. Qxd4 Bxf5 11. Bd3 Bxd3 12. Qxd3 d5 13. Bg5 c6 14. Ne2 Bd6
15. Ng3 Qc7 16. Rae1 Ng4 17. Qd4 Ne5 18. Re2 Qb6 19. Qxb6 axb6 20. a3 Nc4 21.
Bc1 g6 22. Rfe1 Kf7 23. Nf1 Rfe8 24. Ne3 b5 25. Nxc4 bxc4 26. Rxe8 Rxe8 27.
Rxe8 Kxe8 28. f4 Ke7 29. g4 Ke6 30. Kf2 d4 31. Kf3 Kd5 32. h3 Be7 33. Bd2 b5
34. Bb4 c5 35. Be1 b4 36. a4 Bd8 37. b3 d3 0-1

[Event "Ceske sachove vanoce 2009"]
[Site "Litomysl (CZE)"]
[Date "2009.12.26"]
[Round "1.13"]
[White "Novak, Pavel"]
[Black "Musil, Vitezslav"]
[Result "1-0"]
[WhiteElo "2377"]
[BlackElo "2017"]
[PlyCount "49"]
[EventDate "2009.12.26"]

1. e4 e5 2. Nf3 Nc6 3. d4 exd4 4. Nxd4 Nf6 5. Nc3 Bb4 6. Nxc6 bxc6 7. Bd3 d5 8.
exd5 cxd5 9. O-O O-O 10. Bg5 c6 11. Na4 Rb8 12. c4 Be7 13. Re1 h6 14. Bh4 Be6
15. Rc1 Bb4 16. Rf1 Be7 17. b3 Ne4 18. Bxe7 Qxe7 19. Re1 Nf6 20. cxd5 Nxd5 21.
Nc5 Nf4 22. Qf3 Qh4 23. Re4 g5 24. g3 Bg4 25. Qxf4 1-0

[Event "Ceske sachove vanoce 2009"]
[Site "Litomysl (CZE)"]
[Date "2009.12.26"]
[Round "1.14"]
[White "Hrabal, Michal"]
[Black "Hoffmann, Paul"]
[Result "1/2-1/2"]
[WhiteElo "1989"]
[BlackElo "2355"]
[PlyCount "81"]
[EventDate "2009.12.26"]

1. e4 e6 2. d4 d5 3. exd5 exd5 4. Nf3 Bd6 5. c4 dxc4 6. Bxc4 Nf6 7. O-O O-O 8.
Bg5 Bg4 9. Nc3 Nbd7 10. Qd3 c6 11. Rfe1 b5 12. Bb3 Nc5 13. dxc5 Bxh2+ 14. Nxh2
Qxd3 15. Bxf6 Bh5 16. Be7 Rfe8 17. Nf1 Qd7 18. Bd6 Rxe1 19. Rxe1 Re8 20. Rxe8+
Qxe8 21. Ne3 Bg6 22. Kf1 a5 23. a3 h5 24. Ke2 b4 25. axb4 axb4 26. Ncd1 Qe4 27.
Bc2 Qd4 28. Bxg6 fxg6 29. f3 Kh7 30. Nc2 Qc4+ 31. Kd2 Qd5+ 32. Ke2 g5 33. Nde3
Qb3 34. Be5 g4 35. fxg4 hxg4 36. Ne1 Qe6 37. Nd3 g5 38. Bd6 Qe4 39. Bc7 Kg6 40.
Ba5 b3 41. Bc3 1/2-1/2

[Event "Ceske sachove vanoce 2009"]
[Site "Litomysl (CZE)"]
[Date "2009.12.26"]
[Round "1.16"]
[White "Kosek, Marek"]
[Black "Sodoma, Jan"]
[Result "0-1"]
[WhiteElo "1965"]
[BlackElo "2355"]
[PlyCount "62"]
[EventDate "2009.12.26"]

1. e4 e5 2. Nf3 Nc6 3. Bb5 a6 4. Ba4 Nf6 5. d4 exd4 6. e5 Ne4 7. O-O Be7 8.
Nxd4 O-O 9. c3 Nc5 10. Bc2 Nxe5 11. Qh5 Ng6 12. f4 Re8 13. Nd2 d5 14. f5 Nf8
15. N2f3 f6 16. b4 Ne4 17. c4 Bxb4 18. cxd5 c6 19. dxc6 Bc3 20. Be3 Bxa1 21.
Rxa1 Nd6 22. Bb3+ Kh8 23. cxb7 Bxb7 24. Ne6 Nxe6 25. Bxe6 Qa5 26. Qh3 Bd5 27.
Rd1 Bxe6 28. fxe6 Nf5 29. Nd4 Nxe3 30. Qxe3 Rad8 31. a3 Qe5 0-1

[Event "Ceske sachove vanoce 2009"]
[Site "Litomysl (CZE)"]
[Date "2009.12.26"]
[Round "1.17"]
[White "Cerveny, Martin"]
[Black "Seidl, Stepan"]
[Result "1-0"]
[WhiteElo "2353"]
[BlackElo "1964"]
[PlyCount "125"]
[EventDate "2009.12.26"]

1. d4 Nf6 2. Nf3 g6 3. g3 Bg7 4. Bg2 O-O 5. O-O d6 6. b3 c5 7. Bb2 cxd4 8. Nxd4
a6 9. c4 Qc7 10. Nc3 Nbd7 11. Rc1 Ne5 12. Qd2 Bd7 13. h3 Bc6 14. e4 Ned7 15.
Rfd1 Nc5 16. Nxc6 bxc6 17. Qe3 Nfd7 18. Rd2 a5 19. Ba3 Rab8 20. Ne2 Ne6 21. h4
c5 22. Bb2 Ne5 23. Bh3 a4 24. f4 Nc6 25. Bxe6 fxe6 26. h5 e5 27. hxg6 hxg6 28.
fxe5 Nxe5 29. Bxe5 Bxe5 30. Kg2 e6 31. Rdd1 axb3 32. axb3 Qb7 33. Rf1 Qg7 34.
Qg5 Rf6 35. Rxf6 Qxf6 36. Qxf6 Bxf6 37. Rf1 Be5 38. Rf3 g5 39. Kh3 Kg7 40. Kg4
Kg6 41. Ng1 Ra8 42. Nh3 Bf6 43. Rd3 Ra6 44. e5 dxe5 45. Nf2 Ra1 46. Ne4 Re1 47.
Nxc5 e4 48. Rd6 Kf7 49. Rxe6 e3 50. Re4 Be7 51. Nd3 Re2 52. Kf3 Rc2 53. Rxe3
Bd6 54. Ke4 Rc3 55. c5 Bc7 56. b4 Rc4+ 57. Kd5 Rg4 58. b5 Rxg3 59. Rxg3 Bxg3
60. Ne5+ Kf6 61. c6 Ke7 62. b6 Kd8 63. c7+ 1-0

[Event "Ceske sachove vanoce 2009"]
[Site "Litomysl (CZE)"]
[Date "2009.12.26"]
[Round "1.18"]
[White "Seidl, Antonin"]
[Black "Vavra, Pavel"]
[Result "0-1"]
[WhiteElo "1963"]
[BlackElo "2351"]
[PlyCount "38"]
[EventDate "2009.12.26"]

1. e4 c5 2. Nc3 e6 3. f4 d5 4. Nf3 dxe4 5. Nxe4 Nf6 6. Ng3 Nc6 7. Bc4 Bd6 8. d3
Qc7 9. Ne2 e5 10. fxe5 Nxe5 11. Nxe5 Bxe5 12. Bb5+ Kf8 13. c3 Bxh2 14. Be3 Bg4
15. Qd2 a6 16. Ba4 b5 17. Bc2 Re8 18. O-O-O Bxe2 19. Qxe2 Rxe3 0-1

[Event "Ceske sachove vanoce 2009"]
[Site "Litomysl (CZE)"]
[Date "2009.12.26"]
[Round "1.19"]
[White "Sabol, Marian"]
[Black "Krupa, Jerzy"]
[Result "1-0"]
[WhiteElo "2343"]
[BlackElo "1951"]
[PlyCount "81"]
[EventDate "2009.12.26"]

1. d4 Nf6 2. Nf3 e6 3. g3 c5 4. Bg2 Be7 5. O-O O-O 6. c4 cxd4 7. Nxd4 d6 8. e4
Nbd7 9. Nc3 a6 10. b3 Qc7 11. Bb2 Rb8 12. a4 b6 13. h3 Bb7 14. Kh2 g6 15. Qe2
Rfe8 16. Nc2 Rbc8 17. Ne3 Nc5 18. Qc2 Qb8 19. b4 Ncd7 20. f4 Qa8 21. g4 d5 22.
g5 d4 23. gxf6 Nxf6 24. Ng4 Nxg4+ 25. hxg4 dxc3 26. Qxc3 f6 27. g5 Rf8 28. Bh3
Rc6 29. b5 Rd6 30. gxf6 Bxf6 31. e5 Bg7 32. Ba3 Rfd8 33. Bxd6 Rxd6 34. Rad1
Rxd1 35. Bxe6+ Kh8 36. Rxd1 Bh6 37. Qd4 Qf8 38. Kg3 axb5 39. axb5 Bg5 40. Bd5
Bc8 41. fxg5 1-0

[Event "Ceske sachove vanoce 2009"]
[Site "Litomysl (CZE)"]
[Date "2009.12.27"]
[Round "2.1"]
[White "Mojzis, Jaroslav"]
[Black "Heberla, Bartolomiej"]
[Result "0-1"]
[WhiteElo "2266"]
[BlackElo "2515"]
[PlyCount "66"]
[EventDate "2009.12.26"]

1. Nf3 g6 2. g3 Bg7 3. d4 c5 4. Bg2 cxd4 5. Nxd4 Nc6 6. e3 Qb6 7. c3 Nf6 8. O-O
d5 9. Nd2 O-O 10. Qb3 Qc7 11. Nxc6 bxc6 12. e4 Rd8 13. Re1 e5 14. a4 Rb8 15.
Qc2 Ba6 16. c4 d4 17. Bf1 Nd7 18. Rb1 Bc8 19. h3 a5 20. Nf3 Nc5 21. Nxe5 Re8
22. Nf3 d3 23. Bxd3 Bxh3 24. Bf4 Qb6 25. Bxb8 Qxb8 26. Nd4 Qc7 27. Ne2 Ne6 28.
Nc3 Nd4 29. Qc1 Nf3+ 30. Kh1 Qe5 31. Ne2 Qh5 32. Nf4 Qh6 33. Qe3 Bf1+ 0-1

[Event "Ceske sachove vanoce 2009"]
[Site "Litomysl (CZE)"]
[Date "2009.12.27"]
[Round "2.2"]
[White "Simacek, Pavel"]
[Black "Maciol, Ryszard"]
[Result "1-0"]
[WhiteElo "2513"]
[BlackElo "2245"]
[PlyCount "61"]
[EventDate "2009.12.26"]

1. e4 e6 2. d4 d5 3. Nd2 Nf6 4. e5 Nfd7 5. Bd3 c5 6. c3 Nc6 7. Ne2 cxd4 8. cxd4
f6 9. exf6 Nxf6 10. Nf3 Bd6 11. O-O Qc7 12. Bg5 O-O 13. Bh4 Nh5 14. Qc2 h6 15.
Bg6 Rxf3 16. gxf3 Bxh2+ 17. Kh1 Nf4 18. Ng3 Bxg3 19. Bh7+ Kh8 20. fxg3 Nh5 21.
f4 Nf6 22. Bg6 Qe7 23. g4 Nxd4 24. Qf2 Qb4 25. a3 Qb3 26. Kg2 e5 27. Bxf6 Bxg4
28. Qh4 Bf3+ 29. Kh2 Kg8 30. Bxe5 Qxb2+ 31. Qf2 1-0

[Event "Ceske sachove vanoce 2009"]
[Site "Litomysl (CZE)"]
[Date "2009.12.27"]
[Round "2.3"]
[White "Strache, Michael"]
[Black "Tazbir, Marcin"]
[Result "0-1"]
[WhiteElo "2254"]
[BlackElo "2497"]
[PlyCount "72"]
[EventDate "2009.12.26"]

1. c4 e5 2. Nc3 Bb4 3. Nd5 a5 4. a3 Bc5 5. Nf3 d6 6. d4 exd4 7. Nxd4 Ne7 8. e3
Nbc6 9. Nxe7 Qxe7 10. Nxc6 bxc6 11. Qf3 Bd7 12. Bd2 Bd4 13. Rb1 Be5 14. Bd3 O-O
15. O-O a4 16. b4 axb3 17. Rxb3 g6 18. Rfb1 Qe8 19. Bc1 Be6 20. Qe2 c5 21. f4
Bf6 22. g4 Bd7 23. g5 Bg7 24. h4 Bc6 25. Qc2 Ba4 26. h5 Bxb3 27. Rxb3 Qd7 28.
h6 Qg4+ 29. Kh2 Bh8 30. Bb2 Rae8 31. Be4 Bd4 32. Bc1 Qh4+ 33. Kg2 Qe1 34. Kf3
Qh1+ 35. Kf2 Rxe4 36. exd4 Qh2+ 0-1

[Event "Ceske sachove vanoce 2009"]
[Site "Litomysl (CZE)"]
[Date "2009.12.27"]
[Round "2.4"]
[White "Petr, Martin"]
[Black "Weglarz, Leszek"]
[Result "1-0"]
[WhiteElo "2495"]
[BlackElo "2233"]
[PlyCount "93"]
[EventDate "2009.12.26"]

1. e4 c5 2. Nf3 d6 3. d4 cxd4 4. Nxd4 Nf6 5. Nc3 Nc6 6. Bg5 e6 7. Qd2 a6 8.
O-O-O h6 9. Nxc6 bxc6 10. Bf4 d5 11. Qe3 Be7 12. Be2 O-O 13. Qg3 Kh8 14. Bc7
Qe8 15. Be5 Rg8 16. h4 Bb7 17. Qe3 Rd8 18. Bf3 Nh7 19. Bd4 Rc8 20. Bc5 Bxc5 21.
Qxc5 Nf6 22. g4 Nd7 23. Qe3 Ne5 24. Be2 c5 25. exd5 exd5 26. Nxd5 Qe6 27. c4
Rge8 28. Rhe1 Ng6 29. h5 Bxd5 30. cxd5 Qd6 31. Qd2 Nf4 32. Bc4 Ng2 33. Rxe8+
Rxe8 34. Kb1 Re4 35. f3 Rxc4 36. Qxg2 Rd4 37. Rxd4 cxd4 38. Qe2 Qxd5 39. Qe8+
Kh7 40. Qe4+ Qxe4+ 41. fxe4 g6 42. b4 Kg7 43. a4 Kf6 44. b5 axb5 45. a5 b4 46.
a6 d3 47. a7 1-0

[Event "Ceske sachove vanoce 2009"]
[Site "Litomysl (CZE)"]
[Date "2009.12.27"]
[Round "2.6"]
[White "Krupa, Monika"]
[Black "Stupak, Kirill"]
[Result "0-1"]
[WhiteElo "2216"]
[BlackElo "2456"]
[PlyCount "124"]
[EventDate "2009.12.26"]

1. e4 Nf6 2. e5 Nd5 3. Nc3 Nxc3 4. bxc3 e6 5. d4 d5 6. Nf3 b6 7. Bg5 Be7 8. h4
h6 9. Bf4 Ba6 10. h5 Bxf1 11. Kxf1 Nc6 12. Rh3 Qd7 13. Rg3 Bf8 14. a4 Na5 15.
Nd2 Rc8 16. Qe2 c5 17. dxc5 Rxc5 18. Nb3 Rc4 19. Be3 Rxa4 20. Rxa4 Qxa4 21.
Nxa5 Qa1+ 22. Qe1 Qxa5 23. Bd4 b5 24. Qe3 Qa2 25. Bxa7 Qb1+ 26. Qe1 Qxc2 27.
Kg1 Rg8 28. Qf1 Qb3 29. Qd3 Be7 30. Qd4 Bd8 31. Bb8 Qc4 32. Qa7 Qc6 33. Bd6 Qd7
34. Qb8 g5 35. c4 f5 36. cxb5 Rg7 37. Ra3 d4 38. b6 d3 39. Rxd3 Qb5 40. Rd1
Qxb6 41. Qc8 Qb3 42. Qc6+ Rd7 43. Rd2 Qb7 44. Qa4 Kf7 45. Kh2 Be7 46. Qd4 Qa7
47. Qb4 Qb7 48. Qc4 Rd8 49. g4 Rc8 50. Qd3 Rc1 51. Rd1 Rxd1 52. Qxd1 Qe4 53.
gxf5 Qxf5 54. Qd4 Bxd6 55. exd6 Qf4+ 56. Qxf4+ gxf4 57. Kh3 e5 58. Kg4 Ke6 59.
f3 Kxd6 60. Kf5 Kd5 61. Kg6 e4 62. fxe4+ Ke6 0-1

[Event "Ceske sachove vanoce 2009"]
[Site "Litomysl (CZE)"]
[Date "2009.12.27"]
[Round "2.7"]
[White "Kulhanek, Tomas"]
[Black "Volodin, Viktor"]
[Result "1/2-1/2"]
[WhiteElo "2441"]
[BlackElo "2206"]
[PlyCount "114"]
[EventDate "2009.12.26"]

1. e4 c5 2. f4 Nc6 3. Nf3 g6 4. Bb5 Bg7 5. O-O Nd4 6. Nxd4 cxd4 7. d3 Nf6 8.
Nd2 O-O 9. Nf3 d6 10. Ba4 Nd7 11. Qe1 Nc5 12. Bb3 Nxb3 13. axb3 Bg4 14. Qh4
Bxf3 15. Rxf3 e6 16. Qxd8 Rfxd8 17. f5 exf5 18. exf5 Be5 19. Bf4 Rdc8 20. Bxe5
dxe5 21. Rf2 Rc5 22. b4 Rb5 23. c3 dxc3 24. bxc3 Rd5 25. Rf3 a6 26. Re1 Rad8
27. c4 Rxd3 28. Rxd3 Rxd3 29. Rxe5 Kg7 30. Re7 b6 31. Rb7 Rd6 32. Kf2 Rc6 33.
fxg6 hxg6 34. Ke3 Rxc4 35. Rxb6 f5 36. Kd3 Re4 37. g3 Kh6 38. Kc3 Re3+ 39. Kd4
Ra3 40. Ke5 Kg5 41. Ke6 Kg4 42. Ke5 g5 43. Rg6 Rc3 44. Rxa6 f4 45. gxf4 gxf4
46. Rg6+ Kf3 47. Rg1 Kf2 48. Rb1 f3 49. b5 Kg2 50. b6 f2 51. b7 Re3+ 52. Kd6
Re8 53. Kc7 Kxh2 54. b8=Q Rxb8 55. Kxb8 Kg2 56. Rb2 Kg1 57. Rxf2 Kxf2 1/2-1/2

[Event "Ceske sachove vanoce 2009"]
[Site "Litomysl (CZE)"]
[Date "2009.12.27"]
[Round "2.8"]
[White "Zakharchenko, Arnold"]
[Black "Manik, Mikulas"]
[Result "1/2-1/2"]
[WhiteElo "2206"]
[BlackElo "2435"]
[PlyCount "92"]
[EventDate "2009.12.26"]

1. d4 Nf6 2. c4 e6 3. Nf3 d5 4. Nc3 Bb4 5. Bg5 h6 6. Bxf6 Qxf6 7. Qb3 Nc6 8. a3
dxc4 9. Qxc4 Bd6 10. g3 O-O 11. Bg2 e5 12. d5 Nb8 13. O-O Qe7 14. Nb5 a5 15.
Rac1 Na6 16. e4 Bd7 17. Rfe1 Rfc8 18. Bf1 Qe8 19. Nh4 g6 20. Nxd6 cxd6 21. Qe2
Kg7 22. Qe3 Rxc1 23. Rxc1 Bb5 24. Qb6 Bxf1 25. Rxf1 Qd8 26. Qxd8 Rxd8 27. Rc1
Nc5 28. f3 b5 29. b4 axb4 30. axb4 Nd3 31. Rc3 Nxb4 32. Rb3 Nc2 33. Rxb5 Nd4
34. Rb6 Kf6 35. Kf2 g5 36. Ng2 Ra8 37. Rxd6+ Ke7 38. Rb6 Ra2+ 39. Kf1 Nxf3 40.
Ne3 Nxh2+ 41. Ke1 Nf3+ 42. Kd1 Ra1+ 43. Ke2 Nd4+ 44. Kf2 Ra2+ 45. Kf1 Ra1+ 46.
Kf2 Ra2+ 1/2-1/2

[Event "Ceske sachove vanoce 2009"]
[Site "Litomysl (CZE)"]
[Date "2009.12.27"]
[Round "2.9"]
[White "Bulski, Krzysztof"]
[Black "Bujnoch, Radek"]
[Result "1-0"]
[WhiteElo "2416"]
[BlackElo "2196"]
[PlyCount "67"]
[EventDate "2009.12.26"]

1. e4 c5 2. Nf3 Nc6 3. d4 cxd4 4. Nxd4 Nf6 5. Nc3 e5 6. Ndb5 d6 7. Bg5 a6 8.
Na3 b5 9. Nd5 Be7 10. Bxf6 Bxf6 11. c3 O-O 12. Nc2 Bg5 13. a4 bxa4 14. Rxa4 a5
15. Bc4 Rb8 16. Ra2 Kh8 17. Nce3 g6 18. h4 Bxh4 19. g3 Bg5 20. f4 exf4 21. gxf4
Bh4+ 22. Kf1 f5 23. b4 fxe4 24. Rah2 g5 25. b5 Ne5 26. Qd4 Rb7 27. Rxh4 gxh4
28. Ke2 Rg7 29. fxe5 Qg5 30. Qxe4 Qg3 31. Qxh4 Qxe5 32. Bd3 Bg4+ 33. Kd2 Bf3
34. Qxh7+ 1-0

[Event "Ceske sachove vanoce 2009"]
[Site "Litomysl (CZE)"]
[Date "2009.12.27"]
[Round "2.10"]
[White "Olsarova, Karolina"]
[Black "Plat, Vojtech"]
[Result "1/2-1/2"]
[WhiteElo "2192"]
[BlackElo "2388"]
[PlyCount "72"]
[EventDate "2009.12.26"]

1. e4 c5 2. Nf3 g6 3. c4 Bg7 4. d4 cxd4 5. Nxd4 Nc6 6. Be3 Qb6 7. Nb3 Qc7 8.
Nc3 Nf6 9. Rc1 d6 10. Be2 O-O 11. O-O Be6 12. f4 Qd7 13. h3 Rac8 14. Qe1 Qd8
15. Qf2 Na5 16. Nxa5 Qxa5 17. b3 b5 18. Bxa7 b4 19. Bb6 Qa8 20. Nd5 Nxe4 21.
Nxe7+ Kh8 22. Qe3 Rce8 23. Bf3 f5 24. Bxe4 fxe4 25. Nd5 Bxd5 26. cxd5 Qxd5 27.
Rc4 Qb5 28. Bd4 Qb7 29. Bxg7+ Kxg7 30. Qd4+ Kg8 31. Qxd6 Rf7 32. Qxb4 Qa7+ 33.
Qc5 Qxa2 34. Qe3 Qa7 35. Qxa7 Rxa7 36. Re1 Ra3 1/2-1/2

[Event "Ceske sachove vanoce 2009"]
[Site "Litomysl (CZE)"]
[Date "2009.12.27"]
[Round "2.11"]
[White "Biolek, Richard"]
[Black "Polacik, Igor"]
[Result "1-0"]
[WhiteElo "2385"]
[BlackElo "2175"]
[PlyCount "99"]
[EventDate "2009.12.26"]

1. e4 e5 2. Nf3 Nc6 3. Bc4 Be7 4. O-O Nf6 5. d3 O-O 6. Nc3 d6 7. a4 Be6 8. Re1
Bxc4 9. dxc4 Qd7 10. b3 b6 11. Nh4 g6 12. Nf3 Kg7 13. Qd2 Ng8 14. Nd5 Bd8 15.
Bb2 f6 16. Rad1 Qf7 17. b4 a5 18. b5 Nb8 19. Qe3 Nd7 20. Nd2 Ne7 21. f4 Nxd5
22. exd5 Kg8 23. Nf3 Qg7 24. Ba3 Qh6 25. f5 Qxe3+ 26. Rxe3 g5 27. g4 Rf7 28.
Nd2 Rg7 29. Rh3 Kf7 30. Rh5 Be7 31. Kf2 Rc8 32. Rh1 Rcg8 33. Kf3 Nf8 34. Nb3
Nd7 35. Nc1 Nf8 36. Nd3 Nd7 37. Nf2 Rc8 38. h4 Kg8 39. Rh6 Rf8 40. Nd3 Rff7 41.
Bc1 Rf8 42. Be3 Rff7 43. Nf2 Rf8 44. Nh3 Rff7 45. hxg5 fxg5 46. Rh5 Nc5 47. Ra1
Nd7 48. Nxg5 Bxg5 49. Bxg5 Nc5 50. Bh6 1-0

[Event "Ceske sachove vanoce 2009"]
[Site "Litomysl (CZE)"]
[Date "2009.12.27"]
[Round "2.13"]
[White "Blazkova, Petra"]
[Black "Seifert, Volker"]
[Result "0-1"]
[WhiteElo "2178"]
[BlackElo "2355"]
[PlyCount "116"]
[EventDate "2009.12.26"]

1. e4 e6 2. d4 d5 3. e5 c5 4. Nf3 cxd4 5. Bd3 Nc6 6. O-O f5 7. Nbd2 Nge7 8. Nb3
Ng6 9. Bg5 Qb6 10. Nbxd4 Nxd4 11. Nxd4 Nxe5 12. Bb5+ Kf7 13. a4 a6 14. a5 Qc7
15. Ba4 Ng4 16. g3 h6 17. Bd2 Bd6 18. Bb3 Re8 19. Qe2 Qc5 20. c3 Bd7 21. Bc2
Kg8 22. Rfe1 Re7 23. b4 Qc7 24. Rac1 Rae8 25. Bb3 Kh8 26. c4 dxc4 27. Bxc4 Qb8
28. Nf3 e5 29. Nh4 Kh7 30. Ng2 e4 31. Bc3 Be5 32. Red1 Bxc3 33. Rxc3 Ne5 34.
Bd5 Nf3+ 35. Kh1 Ba4 36. Rdc1 Qd6 37. Rc5 Ne5 38. Ne1 Nd7 39. Bxb7 Nxc5 40.
bxc5 Qc7 41. c6 Bb5 42. Qe3 Qxa5 43. Ng2 Qc7 44. Nf4 Rd8 45. Qc5 Re5 46. Qc3 g5
47. Nh5 Kg6 48. g4 fxg4 49. Ng3 h5 50. Re1 Bd3 51. Ne2 Bxe2 52. Rxe2 Rd1+ 53.
Kg2 h4 54. h3 Rd3 55. Qc2 gxh3+ 56. Kg1 Rc5 57. Qb1 Qf4 58. Rxe4 Rc1+ 0-1